Genetics : (Record no. 50388)

MARC details
000 -LEADER
fixed length control field 02182nam a22002177a 4500
008 - FIXED-LENGTH DATA ELEMENTS--GENERAL INFORMATION
fixed length control field 170522b xxu||||| |||| 00| 0 eng d
020 ## - INTERNATIONAL STANDARD BOOK NUMBER
International Standard Book Number 9780321597229
020 ## - INTERNATIONAL STANDARD BOOK NUMBER
International Standard Book Number 0321597229
050 ## - LIBRARY OF CONGRESS CALL NUMBER
Classification number QH442
Item number .R87 2010
100 ## - MAIN ENTRY--PERSONAL NAME
Personal name Russell, Peter J
245 ## - TITLE STATEMENT
Title Genetics :
Remainder of title a molecular approach /
Statement of responsibility, etc Peter J. Russell
250 ## - EDITION STATEMENT
Edition statement 3rd ed
260 ## - PUBLICATION, DISTRIBUTION, ETC. (IMPRINT)
Place of publication, distribution, etc San Francisco :
Name of publisher, distributor, etc Benjamin Cummings,
Date of publication, distribution, etc 2010
300 ## - PHYSICAL DESCRIPTION
Extent xix, 828 p. :
Other physical details ill. (chiefly col.) ;
Dimensions 29 cm
500 ## - GENERAL NOTE
General note Includes bibliographical references (p. 728-741) and index
505 ## - FORMATTED CONTENTS NOTE
Formatted contents note 1. Genetics: An Introduction 2. DNA: The Genetic Material 3. DNA Replication 4. Gene Control of Proteins 5. Gene Expression: Transcription 6. Gene Expression: Translation 7. DNA Mutation, DNA Repair, and Transposable Elements 8. Genomics 9. Functional and Comparative Genomics 10. Recombinant DNA Technology 11. Mendelian Genetics 12. Chromosomal Basis of Inheritance 13. Extensions of and Deviations from Mendelian Genetic Principles 14. Genetic Mapping in Eukaryotes 15. Genetics of Bacteria and Bacteriophages 16. Variations in Chromosome Structure and Number 17. Regulation of Gene Expression in Bacteria and Bacteriophages 18. Regulation of Gene Expression in Eukaryotes 19. Genetic Analysis of Development 20. Genetics of Cancer 21. Quantitative Genetics 22. Population Genetics 23. Molecular Evolution
520 ## - SUMMARY, ETC.
Summary, etc With its modern chapter organization and new Focus on Genomics boxes, iGenetics: A Molecular Approach reflects the increasing molecular emphasis in todays experimental study of genes while helping students develop problem- solving skills and an appreciation for classic experiments. Although molecular topics are presented first, instructors can assign the chapters in any sequence. Pedagogical features such as chapter-opening Key Questions and strategically placed Keynotes help students to efficiently master genetic concepts. The Genetics Place Companion Website contains interactive iActivities and narrated animations that help students visualize and understand processes and concepts that are illustrated in the text
650 ## - SUBJECT ADDED ENTRY--TOPICAL TERM
Form subdivision Molecular genetics
655 ## - INDEX TERM--GENRE/FORM
Source of term swd
Non-focus term Lehrbuch.
942 ## - ADDED ENTRY ELEMENTS (KOHA)
Source of classification or shelving scheme Library of Congress Classification
Item type Book
Holdings
Withdrawn status Lost status Source of classification or shelving scheme Damaged status Not for loan Collection code Home library Current library Shelving location Date acquired Source of acquisition Cost, normal purchase price Total Checkouts Full call number Barcode Copy number Price effective from Koha item type
    Library of Congress Classification     Non-fiction Bishop Okullu Memorial Library (Limuru Campus) Bishop Okullu Memorial Library (Limuru Campus) General Circulation 22/05/2017 Donations-Mombo 3500.00   QH442 .R87 2010 053398 1 22/05/2017 Book
    Library of Congress Classification     Non-fiction Bishop Okullu Memorial Library (Limuru Campus) Bishop Okullu Memorial Library (Limuru Campus) General Circulation 22/05/2017 Donations-Mombo 3500.00   QH442 .R87 2010 053399 2 22/05/2017 Book